000 00496nam a2200193 a 4500
001 1773825713297
003 YourLibrary
005 20260318145350.0
008 260318s2008##################000#0#eng##
020 _a9780415771566
082 0 4 _a338.9
_bSEC
100 1 _aSecondi, Giorgio,
_eauthor.
245 1 0 _aThe Development Economics Reader :
260 _c2008.
300 _a588 pages
650 0 _aBusiness & Economics.
942 _cENGLISH
040 _aYourLibrary
_beng
_cYourLibrary
999 _c617970
_d617970